[Event "2023 Standard Chess Dropout Tournament, Round 1"]
[Site "SchemingMind.com"]
[Date "2023.01.02"]
[Round "1"]
[White "*chessnut*"]
[Black "peeuukoo"]
[Result "0-1"]
[WhiteCountry "FRA"]
[BlackCountry "FIN"]
[WhiteElo "1303"]
[WhiteRD "105"]
[BlackElo "1761"]
[BlackRD "108"]
[GameID "729902"]

1. d4 d5 2. Nf3 Nf6 3. Bf4 Nc6 4. a3 e6 5. c3 Bd6 6. Bg3 O-O 7. Nbd2 Re8 8. e3 e5 9. Bb5 Bg4 10. Qa4 Bd7
11. Nxe5 Bxe5 12. dxe5 Nxe5 13. Qb3 b6 14. O-O-O c6 15. Be2 Qe7 16. h3 Bf5 17. Nf3 Nxf3 18. gxf3 c5 19. f4 c4 20. Qa2 Qe4
21. b3 b5 22. Rhg1 Bxh3 23. Rd4 Qe6 24. Qc2 Bf5 25. Qd1 Ne4 26. Kb2 Red8 27. Bh2 Nxf2 28. Qf1 Nd3+ 29. Kc2 Qxe3 30. Bxd3 Bxd3+
0-1

[Event "2023 Standard Chess Dropout Tournament, Round 1"]
[Site "SchemingMind.com"]
[Date "2023.01.02"]
[Round "1"]
[White "Abstract Actuary"]
[Black "Archon"]
[Result "1-0"]
[WhiteCountry "USA"]
[BlackCountry "CAN"]
[WhiteElo "1820"]
[WhiteRD "97"]
[BlackElo "1811"]
[BlackRD "79"]
[GameID "729903"]

1. e4 g6 2. d4 Bg7 3. f4 d6 4. Nf3 c5 5. Bb5+ Bd7 6. Bxd7+ Nxd7 7. O-O cxd4 8. Nxd4 Qb6 9. c3 e5 10. fxe5 dxe5
11. Qf3 f6 12. Be3 exd4 13. cxd4 O-O-O 14. Kh1 Kb8 15. Rf2 Ne7 16. Nc3 Qa6 17. Rc1 Nc6 18. Rfc2 Nb4 19. Rd2 Rhf8 20. a3 Nc6
21. Nd5 Rc8 22. Qg3+ Nce5 23. Rxc8+ Rxc8 24. dxe5 Nxe5 25. Rf2 Rc4 26. Qf4 f5 27. Qg5 Qd6 28. g3 Nd3 29. Rd2 Rc1+ 30. Kg2 Rc2
31. Rxc2 Ne1+ 32. Kh3 Qd7 33. Rc7
1-0

[Event "2023 Standard Chess Dropout Tournament, Round 1"]
[Site "SchemingMind.com"]
[Date "2023.01.06"]
[Round "1"]
[White "Andrew Burruss"]
[Black "Jari Laine"]
[Result "0-1"]
[WhiteCountry "USA"]
[BlackCountry "FIN"]
[WhiteElo "1309"]
[WhiteRD "124"]
[BlackElo "2550"]
[BlackRD "86"]
[GameID "729904"]

1. e4 c5 2. Nc3 Nc6 3. f4 g6 4. Nf3 Bg7 5. Bb5 Nd4 6. Nxd4 cxd4 7. Ne2 Qb6 8. Bd3 d5 9. Ng3 dxe4 10. Nxe4 Bf5
11. b3 Bxe4 12. Bxe4 d3 13. Rb1 Qe6 14. cxd3 f5 15. Qe2 fxe4 16. dxe4 Bd4 17. d3 Rc8 18. Be3 Qb6 19. O-O Bxe3+ 20. Kh1 Nh6
21. h3 O-O 22. g3 Rc3 23. Rbe1 Bd4 24. g4 Qc7 25. Qf3 Rc2 26. Rc1 Rxc1 27. Kg2 Rxf1
0-1

[Event "2023 Standard Chess Dropout Tournament, Round 1"]
[Site "SchemingMind.com"]
[Date "2023.01.06"]
[Round "1"]
[White "Greg Magne"]
[Black "pnwmusichound"]
[Result "1-0"]
[WhiteCountry "CAN"]
[BlackCountry "USA"]
[WhiteElo "1839"]
[WhiteRD "72"]
[BlackElo "1808"]
[BlackRD "88"]
[GameID "729905"]

1. e4 g6 2. d4 Bg7 3. Nc3 d6 4. f4 Nc6 5. Be3 e6 6. Nf3 Nge7 7. Bb5 O-O 8. Qd2 a6 9. Ba4 b5 10. Bb3 b4
11. Ne2 a5 12. a4 Bb7 13. O-O-O Qd7 14. Rhf1 Nd8 15. d5 exd5 16. exd5 Nf5 17. Bf2 c5 18. g4 Ne7 19. f5 c4 20. Bxc4 Qxa4
21. Kb1 b3 22. Bxb3 Qxg4 23. Ned4 Nxf5 24. Nxf5 Qxf5 25. Bg3 Qf6 26. c3 a4 27. Ba2 a3 28. Nd4 Qe7 29. b4 Qd7 30. h4 h5
31. Bf4 Re8 32. Bh6 Re5 33. Bxg7 Kxg7 34. Rf2 Bxd5 35. Nf5+ Rxf5 36. Bxd5 Rxf2 37. Qxf2 Ra7 38. Rg1 Rc7 39. Ka2 Qa4 40. Bb3 Qa6
41. Rg2 Ne6 42. Qg3 Re7 43. Qf3 Kh6 44. Qf6 Re8 45. Qxf7 Qd3 46. Qxe8 Nf4 47. Qh8#
1-0

[Event "2023 Standard Chess Dropout Tournament, Round 1"]
[Site "SchemingMind.com"]
[Date "2023.01.06"]
[Round "1"]
[White "Andreas Flato"]
[Black "echecs"]
[Result "1-0"]
[WhiteCountry "GER"]
[BlackCountry "ENG"]
[WhiteElo "1944"]
[WhiteRD "120"]
[BlackElo "1839"]
[BlackRD "96"]
[GameID "729906"]

1. e4 e5 2. Nf3 Nc6 3. Bc4 Be7 4. O-O Nf6 5. d3 d6 6. h3 O-O 7. Nh2 a6 8. a3 Be6 9. Ba2 Rb8 10. f4 exf4
11. Bxf4 Bxa2 12. Rxa2 Nd7 13. Nc3 Bg5 14. Nd5 Bxf4 15. Rxf4 Nce5 16. Ng4 c6 17. Nde3 b5 18. Kh1 Kh8 19. Nf5 Nf6 20. Nxe5 dxe5
21. Rf1 g6 22. Ng3 c5 23. Qf3 Nd7 24. Raa1 a5 25. Qe3 Qc7 26. Qh6 Qb6 27. Rf3 f6 28. h4 Rf7 29. Raf1 Rbf8 30. h5 Rg8
31. Ne2 Rgg7 32. Nc3 Kg8 33. Nd5 Qd6 34. b4 axb4 35. axb4 cxb4 36. Ra1 f5 37. Ra8+ Nf8 38. Re8 f4 39. Kh2 Kh8 40. d4 exd4
41. Nxf4 Kg8 42. e5 Qc6 43. hxg6 hxg6 44. Rxf8+ Rxf8 45. Kg1 Rf5 46. e6 Rh5 47. Nxh5 gxh5 48. Qf6 Qxc2 49. Rf2 Qc1+ 50. Kh2 Qc7+
51. Kg1 d3 52. Qf8+ Kh7 53. Qf5+ Kh6 54. Qxd3 Qe5 55. Re2 Qf6 56. Qe3+ Kh7 57. e7 Rxe7 58. Qxe7+ Kg6 59. Re6
1-0

[Event "2023 Standard Chess Dropout Tournament, Round 1"]
[Site "SchemingMind.com"]
[Date "2023.01.06"]
[Round "1"]
[White "agoodhobby"]
[Black "Steven DuCharme"]
[Result "0-1"]
[WhiteCountry "USA"]
[BlackCountry "USA"]
[WhiteElo "1533"]
[WhiteRD "76"]
[BlackElo "1514"]
[BlackRD "69"]
[GameID "729907"]

1. e4 c5 2. Nf3 e6 3. d4 cxd4 4. Nxd4 a6 5. Bd3 b6 6. Nc3 Bb7 7. O-O Nc6 8. Nf3 Nb4 9. Be2 Rc8 10. a3 Nc6
11. e5 h6 12. Nd4 Nxe5 13. Bf4 Ng6 14. Bg3 Nf6 15. Bf3 Bxf3 16. Qxf3 Be7 17. Rad1 O-O 18. b4 d5 19. Rc1 Rxc3 20. Qxc3 Ne4
21. Qe1 Nxg3 22. fxg3 Qc7 23. c3 Bf6 24. a4 Ne5 25. Qe2 Ra8 26. b5 a5 27. Nf3 Nxf3+ 28. Qxf3 Qc5+ 29. Kh1 Ra7 30. Qf4 e5
31. Qf2 Rc7 32. Qxc5 Rxc5 33. Rc2 e4 34. Rfc1 Bg5 35. Rf1 d4 36. Rcf2 dxc3 37. h4 c2 38. hxg5 c1=Q 39. Rxf7 Qxg5 40. Rf8+ Kh7
41. Rb8 Rc1 42. Kg1 Qe3+
0-1

[Event "2023 Standard Chess Dropout Tournament, Round 1"]
[Site "SchemingMind.com"]
[Date "2023.01.04"]
[Round "1"]
[White "Andoni Zabala"]
[Black "Carlos Vila Hernández"]
[Result "0-1"]
[WhiteCountry "INT"]
[BlackCountry "CUB"]
[WhiteElo "1773"]
[WhiteRD "85"]
[BlackElo "2555"]
[BlackRD "88"]
[GameID "729908"]

1. e4 e5 2. Nf3 Nc6 3. Bb5 a6 4. Ba4 Nf6 5. d3 b5 6. Bb3 Be7 7. O-O d6 8. a4 Bd7 9. Nbd2 O-O 10. Re1 Na5
11. Ba2 c5 12. c3 Qc7 13. Nf1 h6 14. Ne3 c4 15. Nd5 Nxd5 16. exd5 bxa4 17. Be3 Rab8 18. Qd2 Bf5 19. dxc4 Nxc4 20. Bxc4 Qxc4
21. h3 Bd7 22. Nh2 Rb5 23. Red1 Rfb8 24. Ng4 Rxb2 25. Qc1 f5 26. Nxe5 dxe5 27. d6 Bf6 28. f4 Qe2 29. Rd2 Qxe3+
0-1

[Event "2023 Standard Chess Dropout Tournament, Round 1"]
[Site "SchemingMind.com"]
[Date "2023.01.04"]
[Round "1"]
[White "Archon"]
[Black "cnile"]
[Result "1-0"]
[WhiteCountry "CAN"]
[BlackCountry "SCO"]
[WhiteElo "1811"]
[WhiteRD "79"]
[BlackElo "1274"]
[BlackRD "78"]
[GameID "729909"]

1. c4 Nf6 2. Nc3 e6 3. e4 d5 4. cxd5 exd5 5. e5 d4 6. exf6 dxc3 7. Bb5+ c6 8. Qe2+ Be6 9. Bc4 Qxf6 10. dxc3 Bd6
11. Nf3 O-O 12. Bd3 Nd7 13. Bg5
1-0

[Event "2023 Standard Chess Dropout Tournament, Round 1"]
[Site "SchemingMind.com"]
[Date "2023.01.06"]
[Round "1"]
[White "Billy Campbell"]
[Black "pompey"]
[Result "0-1"]
[WhiteCountry "NIR"]
[BlackCountry "ENG"]
[WhiteElo "1529"]
[WhiteRD "106"]
[BlackElo "2518"]
[BlackRD "139"]
[GameID "729910"]

1. d4 Nf6 2. Nf3 d5 3. Bf4 c5 4. e3 Nc6 5. c3 e6 6. Nbd2 Bd6 7. Bg3 O-O 8. Bd3 b6 9. Ne5 Bb7 10. O-O Qc7
11. Nxc6 Bxc6 12. Bxd6 Qxd6 13. Nf3 c4 14. Bc2 b5 15. Ne5 a5 16. a3 b4 17. axb4 axb4 18. f4 Rxa1 19. Qxa1 b3 20. Bd1 Ra8
21. Qc1 Qc7 22. f5 exf5 23. Rxf5 Bd7 24. Rf1 Be6 25. Bf3 Ra2 26. h4 h6 27. h5 Qc8 28. g4 Nxg4
0-1

[Event "2023 Standard Chess Dropout Tournament, Round 1"]
[Site "SchemingMind.com"]
[Date "2023.01.04"]
[Round "1"]
[White "Mike Winslow"]
[Black "Andreas Flato"]
[Result "0-1"]
[WhiteCountry "USA"]
[BlackCountry "GER"]
[WhiteElo "1939"]
[WhiteRD "95"]
[BlackElo "1915"]
[BlackRD "118"]
[GameID "729911"]

1. d4 d5 2. c4 c6 3. Nf3 Bf5 4. Nc3 e6 5. e3 Nf6 6. cxd5 exd5 7. Bd3 Ne4 8. O-O Bd6 9. Qb3 b6 10. Nxd5 O-O
11. Nc3 Re8 12. Bc4 Bg6 13. Rd1 Qf6 14. Bd2 Bh5 15. Nxe4 Rxe4 16. Be2 Nd7 17. Qc2 Rae8 18. Rac1 c5 19. dxc5 Nxc5 20. Bc3 Qh6
21. Rxd6 Qxd6 22. Ng5 Bxe2 23. Nxe4 Nxe4 24. Qxe2 Nxc3= 25. Rxc3 Rd8 26. f3 g6 27. e4 Qd4+ 28. Re3 Qc5 29. Kf2 a5 30. f4 b5
31. h3 b4 32. g4 Qc1 33. Qe1 Rd1
0-1

[Event "2023 Standard Chess Dropout Tournament, Round 1"]
[Site "SchemingMind.com"]
[Date "2023.01.02"]
[Round "1"]
[White "Brerrabbit"]
[Black "*chessnut*"]
[Result "1-0"]
[WhiteCountry "SCO"]
[BlackCountry "FRA"]
[WhiteElo "1256"]
[WhiteRD "81"]
[BlackElo "1272"]
[BlackRD "102"]
[GameID "729912"]

1. e4 e5 2. Nf3 Nc6 3. Bc4 d6 4. O-O Be7 5. d4 Bg4 6. Nc3 h6 7. Qd3 Bf6 8. d5 Nd4 9. Nxd4 exd4 10. Nb5 a6
11. Nxd4 Bxd4 12. Qxd4 f6 13. Bf4 Ne7 14. f3 Bh5 15. Rae1 Qd7 16. b3 Bf7 17. Re2 Ng6 18. Bg3 b6 19. f4 b5 20. Bd3 c5
21. Qe3 O-O-O 22. c4 b4 23. f5 Ne5 24. a3 a5 25. axb4 a4 26. bxc5 Ng4 27. Qd4 Qa7 28. Ra2 Be8 29. e5 Nxe5 30. Bxe5 dxe5
31. Qe3 Kb7 32. bxa4 Ra8 33. c6+ Kc7 34. d6+ Kxd6 35. c5+ Kd5 36. Rc1 Kxc6 37. Be4+ Kc7 38. Bxa8 Qxa8 39. Rd1 Bc6 40. Qb3 Rf8
41. Rb2 Rb8 42. Qf7+ Bd7 43. Qxd7#
1-0

[Event "2023 Standard Chess Dropout Tournament, Round 1"]
[Site "SchemingMind.com"]
[Date "2023.01.04"]
[Round "1"]
[White "Carlos Vila Hernández"]
[Black "The Chess Machine"]
[Result "1/2-1/2"]
[WhiteCountry "CUB"]
[BlackCountry "ENG"]
[WhiteElo "2555"]
[WhiteRD "96"]
[BlackElo "2550"]
[BlackRD "82"]
[GameID "729913"]

1. e4 c6 2. d4 d5 3. e5 c5 4. Nf3 cxd4 5. Nxd4 Nc6 6. Nxc6 bxc6 7. Bd3 e6 8. O-O a5 9. Nd2 Ne7 10. Nf3 Ba6
11. Bxa6 Rxa6 12. c4 Ng6 13. Qa4 Be7 14. h4 h5 15. cxd5 Qxd5 16. Rd1 Qb5 17. Qxb5 cxb5 18. Be3 Ra8 19. g3 O-O 20. Rac1 Rfc8
21. Kf1=
1/2-1/2

[Event "2023 Standard Chess Dropout Tournament, Round 1"]
[Site "SchemingMind.com"]
[Date "2023.01.02"]
[Round "1"]
[White "Chessibelle"]
[Black "private napoleon"]
[Result "0-1"]
[WhiteCountry "ENG"]
[BlackCountry "ENG"]
[WhiteElo "1160"]
[WhiteRD "56"]
[BlackElo "1735"]
[BlackRD "98"]
[GameID "729914"]

1. Nf3 g6 2. d4 Bg7 3. e3 d5 4. g3 Nf6 5. Be2 O-O 6. O-O b6 7. b3 Bb7 8. Nbd2 Nbd7 9. Bb2 c5 10. Ng5 Re8
11. Bf3 e5 12. e4 dxe4 13. Ndxe4 Nxe4 14. Nxe4 Bxe4 15. Bxe4 Rb8 16. Bc1 cxd4 17. f4 Nc5 18. Bg2 e4 19. Rb1 a5 20. a4 f5
21. Qe2 Kh8 22. Qc4 Rc8 23. Bb2 e3 24. Rfe1 Ne4 25. Qa6 Rxc2 26. Ba3 Qd5 27. Qf1 Rf2 28. Qa6 Rxg2+ 29. Kxg2 Nf2+ 30. Kf1 Qf3
31. Re2 Qh1#
0-1

[Event "2023 Standard Chess Dropout Tournament, Round 1"]
[Site "SchemingMind.com"]
[Date "2023.01.06"]
[Round "1"]
[White "DANDYLIONHONEYBADGER"]
[Black "slotheman"]
[Result "0-1"]
[WhiteCountry "USA"]
[BlackCountry "USA"]
[WhiteElo "1237"]
[WhiteRD "109"]
[BlackElo "1541"]
[BlackRD "115"]
[GameID "729917"]

1. e4 d6 2. d4 Nf6 3. Nc3 g6 4. Bg5 Bg7 5. Bxf6 Bxf6 6. Nf3 Nd7 7. e5 dxe5 8. dxe5 Bg7 9. Bb5 O-O 10. Bxd7 Bxd7
11. Ng5 c6 12. h4 Bxe5 13. h5 Bf5 14. O-O Qd4 15. Qxd4 Bxd4 16. h6 Bxc3 17. bxc3 Bxc2 18. Rac1 Bf5 19. f3 Rad8 20. g4 Bd3
21. Rfe1 e6 22. Ne4 Bxe4 23. Rxe4 Rd3 24. Kf2 Rd2+ 25. Re2 Rxe2+ 26. Kxe2 Rd8 27. Rd1 Rxd1 28. Kxd1 b5 29. Kd2 Kf8 30. g5 Ke7
31. Kd3 Kd6 32. Ke4 e5 33. a3 Ke6 34. f4 exf4 35. Kxf4 Kd5
0-1

[Event "2023 Standard Chess Dropout Tournament, Round 1"]
[Site "SchemingMind.com"]
[Date "2023.01.03"]
[Round "1"]
[White "Derek Price"]
[Black "Dan Geana"]
[Result "1/2-1/2"]
[WhiteCountry "ENG"]
[BlackCountry "ROU"]
[WhiteElo "2358"]
[WhiteRD "61"]
[BlackElo "2544"]
[BlackRD "118"]
[GameID "729919"]

1. c4 g6 2. Nf3 Bg7 3. g3 c5 4. Bg2 Nc6 5. O-O d6 6. Nc3 Bf5 7. d3 Qd7 8. Bd2 Bh3 9. Rb1 Bxg2 10. Kxg2 Nf6
11. a3 O-O 12. b4 b6 13. e3 e6 14. Qe2 Qb7 15. Kg1 Rfe8 16. b5 Ne7 17. a4 Nd7 18. e4 d5 19. Rbe1 h6 20. h3 d4
21. Nd1 a6 22. Nb2 f5 23. Nh4 fxe4 24. dxe4 axb5 25. cxb5 g5 26. Nf3 d3 27. Nxd3 c4 28. Nb4 c3 29. Bxg5 hxg5 30. Nxg5 Nf8
31. Qf3 Neg6 32. Nc6 Rxa4 33. e5 Nxe5 34. Nxe5 Qxf3 35. Ngxf3 Rb4 36. Rb1 Rxb1 37. Rxb1 Rd8 38. Kg2 Rd5 39. Nc6 Rxb5 40. Rc1 Rc5
41. Nb4 Bh6 42. Rc2 Nd7 43. Ne1 Bg7 44. Re2 Ne5 45. Nec2 b5 46. Re1 Kf7 47. Rb1 Nc4 48. Ra1 Rc7 49. Ra8 Bf8 50. Na2 Nd6
51. Rb8 Rd7 52. h4 Ne4 53. Kf3 Rd2 54. Kxe4 Rxc2 55. Nxc3 Rxc3 56. Rxb5 Kf6 57. g4 Rc4+ 58. Kf3 Bc5 59. Ke2=
1/2-1/2

[Event "2023 Standard Chess Dropout Tournament, Round 1"]
[Site "SchemingMind.com"]
[Date "2023.01.06"]
[Round "1"]
[White "echecs"]
[Black "John Hamer"]
[Result "0-1"]
[WhiteCountry "ENG"]
[BlackCountry "ENG"]
[WhiteElo "1836"]
[WhiteRD "96"]
[BlackElo "1795"]
[BlackRD "71"]
[GameID "729920"]

1. e4 c6 2. Nc3 d5 3. exd5 cxd5 4. Nf3 Nf6 5. d3 Nc6 6. Be2 Bd7 7. O-O e6 8. Bd2 a6 9. Bg5 Bd6 10. b3 O-O
11. Re1 Qc7 12. g3 Rac8 13. Na4 b5 14. Nb2 Bb4 15. Rf1 Bc3 16. Rb1 Kh8 17. Nd2 Nd4 18. Nf3 Nf5 19. Ne1 h6 20. Bd2 Rfe8
21. Nf3 e5 22. Qc1 Kh7 23. Ne1 Bxd2 24. Qxd2 Nd4 25. Bd1 Qb7 26. c3 Ne6 27. Nf3 e4 28. dxe4 dxe4 29. Ne5 Kg8 30. c4 Rcd8
31. Qe3 Qc7 32. Nxd7 Rxd7 33. cxb5 axb5 34. Be2 Nd5 35. Qc1 Nc3 36. Qe3 Qe5 37. Rbc1 Nd4 38. Bg4 Nd5 39. Qd2 f5 40. Bd1 Qf6
41. Kh1 Nb6 42. Qb4 Rdd8 43. Rb1 Qc6 44. a4 e3+ 45. Kg1 e2 46. Bxe2 Nxe2#
0-1

[Event "2023 Standard Chess Dropout Tournament, Round 1"]
[Site "SchemingMind.com"]
[Date "2023.01.02"]
[Round "1"]
[White "Enri Arturo"]
[Black "trazadora"]
[Result "1/2-1/2"]
[WhiteCountry "CUB"]
[BlackCountry "CUB"]
[WhiteElo "2529"]
[WhiteRD "106"]
[BlackElo "2534"]
[BlackRD "89"]
[GameID "729921"]

1. e4 e5 2. Nf3 Nc6 3. Bb5 a6 4. Ba4 Nf6 5. O-O Be7 6. Re1 b5 7. Bb3 O-O 8. h3 Bb7 9. d3 d5 10. exd5 Nxd5
11. a4 Nd4 12. Nbd2 Bb4 13. Rxe5 Nc3 14. bxc3 Bxc3 15. Ba3 Nxb3 16. cxb3 b4 17. Bxb4 Bxb4 18. Re3 c5 19. Rc1 Rc8 20. Nc4 Qf6
21. Nfd2 Qh6 22. Qc2 Rce8 23. Ne4 Re6 24. Rd1 f5 25. Ng3 Rg6 26. Ne5 Rd6 27. Nc4 Rg6 28. Re7 Bd5 29. Re5 Bxg2 30. Kxg2 f4
31. Rf1 fxg3 32. f3 Rg5 33. Re4=
1/2-1/2

[Event "2023 Standard Chess Dropout Tournament, Round 1"]
[Site "SchemingMind.com"]
[Date "2023.01.03"]
[Round "1"]
[White "Erik Johnson"]
[Black "pawngrabber"]
[Result "0-1"]
[WhiteCountry "USA"]
[BlackCountry "ENG"]
[WhiteElo "1631"]
[WhiteRD "79"]
[BlackElo "1809"]
[BlackRD "94"]
[GameID "729922"]

1. e4 d6 2. d4 Nf6 3. Nc3 g6 4. Nf3 Bg7 5. Be2 c5 6. dxc5 Qa5 7. cxd6 Nxe4 8. Bd2 Nxd6 9. O-O O-O 10. a3 Nc6
11. b4 Qd8 12. Rb1 Bd7 13. Na4 Bg4 14. Nc5 Rc8 15. Bf4 Bxf3 16. Bxf3 b6 17. Bxd6 exd6 18. Nb7 Qc7 19. Nxd6 Rfd8 20. Qe2 Rxd6
21. Rfe1 Nd4 22. Qe4 Nxf3+ 23. Qxf3 Qxc2 24. Qg3 Re6 25. Rf1 Rce8 26. Qb3 Qxb3 27. Rxb3 Re1 28. Rb1 Rxb1 29. Rxb1 Re2 30. h3 Bd4
0-1

[Event "2023 Standard Chess Dropout Tournament, Round 1"]
[Site "SchemingMind.com"]
[Date "2023.01.02"]
[Round "1"]
[White "George Dimitrov"]
[Black "Brerrabbit"]
[Result "1-0"]
[WhiteCountry "BUL"]
[BlackCountry "SCO"]
[WhiteElo "2495"]
[WhiteRD "119"]
[BlackElo "1256"]
[BlackRD "81"]
[GameID "729924"]

1. e4 e5 2. Nf3 Nc6 3. Bb5 a6 4. Ba4 b5 5. Bb3 Bb7 6. O-O Qf6 7. c3 O-O-O 8. d4 exd4 9. cxd4 Nxd4 10. Nxd4 Bc5
11. Be3 Ne7 12. Nc3 d5 13. exd5 Nxd5 14. Nxd5 Bxd5 15. Nxb5 Bc6 16. Qc2 Bxe3 17. fxe3 Bxb5 18. Rxf6 gxf6 19. Rc1 Rd7 20. a4 Bd3
21. Qc6 Bf5 22. Qa8#
1-0

[Event "2023 Standard Chess Dropout Tournament, Round 1"]
[Site "SchemingMind.com"]
[Date "2023.01.01"]
[Round "1"]
[White "Giraldo Menendez Rodriguez"]
[Black "Robert Hatfield"]
[Result "1-0"]
[WhiteCountry "CUB"]
[BlackCountry "USA"]
[WhiteElo "2556"]
[WhiteRD "78"]
[BlackElo "1821"]
[BlackRD "64"]
[GameID "729925"]

1. e4 e5 2. Nf3 Nc6 3. Bb5 a6 4. Ba4 Bc5 5. c3 Nge7 6. O-O b5 7. Bc2 Bb6 8. a4 b4 9. a5 Bxa5 10. Nxe5 Bb6
11. Nxc6 dxc6 12. d4 O-O 13. Be3 bxc3 14. bxc3 Be6 15. Re1 Ng6 16. f4 Bd7 17. f5 Ne7 18. c4 c5 19. dxc5 Ba7 20. Rxa6 Bc6
21. f6
1-0

[Event "2023 Standard Chess Dropout Tournament, Round 1"]
[Site "SchemingMind.com"]
[Date "2023.01.06"]
[Round "1"]
[White "Glenn O'Brien"]
[Black "agoodhobby"]
[Result "1-0"]
[WhiteCountry "AUS"]
[BlackCountry "USA"]
[WhiteElo "2055"]
[WhiteRD "90"]
[BlackElo "1491"]
[BlackRD "77"]
[GameID "729926"]

1. e4 e5 2. Nf3 Nc6 3. Bb5 a6 4. Ba4 b5 5. Bb3 Bc5 6. O-O Nf6 7. c3 d6 8. d4 Bb6 9. a4 Bb7 10. Bg5 h6
11. Bxf6 Qxf6 12. Bd5 O-O 13. Na3 Nd8 14. axb5 Bxd5 15. dxe5 dxe5 16. Qxd5
1-0

[Event "2023 Standard Chess Dropout Tournament, Round 1"]
[Site "SchemingMind.com"]
[Date "2023.01.06"]
[Round "1"]
[White "Helga1946"]
[Black "Rommel85"]
[Result "1/2-1/2"]
[WhiteCountry "GER"]
[BlackCountry "CUB"]
[WhiteElo "2452"]
[WhiteRD "72"]
[BlackElo "2457"]
[BlackRD "95"]
[GameID "729927"]

1. d4 d5 2. c4 c6 3. Nf3 Nf6 4. e3 Bf5 5. Nc3 e6 6. Nh4 Bg6 7. Nxg6 hxg6 8. g3 Nbd7 9. Bg2 dxc4 10. Qe2 Nb6
11. O-O Bd6 12. a4 a5 13. e4 e5 14. dxe5 Bxe5 15. Be3 Nfd7 16. f4 Bc7 17. Bd4 Qe7 18. Bxg7 Rh7 19. Bd4 Nc5 20. Rad1 O-O-O
21. e5 Rhh8 22. e6 Rxd4 23. Rxd4 Qxe6 24. Qxe6+ Nxe6=
1/2-1/2

[Event "2023 Standard Chess Dropout Tournament, Round 1"]
[Site "SchemingMind.com"]
[Date "2023.01.02"]
[Round "1"]
[White "heuschrecke"]
[Black "George Dimitrov"]
[Result "1/2-1/2"]
[WhiteCountry "GER"]
[BlackCountry "BUL"]
[WhiteElo "2349"]
[WhiteRD "80"]
[BlackElo "2495"]
[BlackRD "119"]
[GameID "729928"]

1. e4 e5 2. Nf3 Nc6 3. Nc3 Nf6 4. d4 exd4 5. Nd5 Nb4 6. Bc4 Nbxd5 7. exd5 Bb4+ 8. Kf1 O-O 9. Qxd4 Re8 10. Bd3 Be7
11. Bg5 d6 12. Re1 Bd7 13. h4 h6 14. b3 a5 15. c4 c5 16. Qb2 Ng4 17. Rxe7 Rxe7 18. Bxe7 Qxe7 19. g3 Qf6 20. Qxf6=
1/2-1/2

[Event "2023 Standard Chess Dropout Tournament, Round 1"]
[Site "SchemingMind.com"]
[Date "2023.01.06"]
[Round "1"]
[White "Holty"]
[Black "Helga1946"]
[Result "0-1"]
[WhiteCountry "ENG"]
[BlackCountry "GER"]
[WhiteElo "1705"]
[WhiteRD "64"]
[BlackElo "2452"]
[BlackRD "72"]
[GameID "729929"]

1. d4 d5 2. Bf4 c5 3. e3 Nf6 4. c3 Nc6 5. Nd2 Bf5 6. Bb5 Qb6 7. Qa4 cxd4 8. exd4 a6 9. Bxc6+ Qxc6 10. Qxc6+ bxc6
11. Ngf3 Nd7 12. O-O f6 13. Rae1 g5 14. Bg3 Bd3 15. Re3 Bxf1 16. Kxf1 a5 17. Bc7 a4 18. a3 Kf7 19. h3 Ra7 20. Bd8 Ke8
21. Bxe7 Bxe7 22. c4 Rb7 23. Re6 Kf7 24. Rxc6 Nb8 25. cxd5 Nxc6 26. dxc6 Rxb2 27. Nc4 Rc2 28. Nb6 Rb8 29. Nxa4 Rb1+ 30. Ne1 Bxa3
31. Nc5 Bb4
0-1

[Event "2023 Standard Chess Dropout Tournament, Round 1"]
[Site "SchemingMind.com"]
[Date "2023.01.03"]
[Round "1"]
[White "eliecercruzr"]
[Black "Derek Price"]
[Result "1/2-1/2"]
[WhiteCountry "CUB"]
[BlackCountry "ENG"]
[WhiteElo "2229"]
[WhiteRD "87"]
[BlackElo "2358"]
[BlackRD "61"]
[GameID "729930"]

1. e4 c5 2. c3 Nf6 3. e5 Nd5 4. Nf3 Nc6 5. d4 cxd4 6. cxd4 d6 7. Bc4 Nb6 8. Bb5 Bd7 9. Nc3 e6 10. O-O a6
11. Bd3 dxe5 12. dxe5 Be7 13. Be4 Rc8 14. Qe2 O-O 15. Bf4 Qc7 16. Rac1 Rfd8 17. a3 Be8 18. Bd3 Rd7 19. Rfd1 Nd5 20. Nxd5 Rxd5
21. h4 Rcd8 22. g3 g6 23. Kg2 Qb8=
1/2-1/2

[Event "2023 Standard Chess Dropout Tournament, Round 1"]
[Site "SchemingMind.com"]
[Date "2023.01.03"]
[Round "1"]
[White "John Hamer"]
[Black "eliecercruzr"]
[Result "0-1"]
[WhiteCountry "ENG"]
[BlackCountry "CUB"]
[WhiteElo "1770"]
[WhiteRD "71"]
[BlackElo "2229"]
[BlackRD "87"]
[GameID "729931"]

1. d4 d5 2. c4 c6 3. Nc3 Nf6 4. e3 e6 5. Bd3 dxc4 6. Bxc4 b5 7. Bd3 a6 8. Nf3 c5 9. O-O Bb7 10. Qe2 Nbd7
11. Rd1 Rc8 12. e4 cxd4 13. Nxd4 Qc7 14. Be3 Bd6 15. g3 Qb8 16. Bc2 O-O 17. f3 Rfd8 18. Rac1 Bc5 19. Bb3 h6 20. Qf2 Kh7
21. Nde2 Bxe3 22. Qxe3 Ne5 23. a3 a5 24. Kg2 b4 25. Na4 Rxd1 26. Rxd1 Nxf3 27. Nb6 Bxe4 28. Kf1 Nxh2+ 29. Kg1 Nhg4 30. Qd4 e5
31. Qd6 Qa7
0-1

[Event "2023 Standard Chess Dropout Tournament, Round 1"]
[Site "SchemingMind.com"]
[Date "2023.01.02"]
[Round "1"]
[White "Jari Laine"]
[Black "Giraldo Menendez Rodriguez"]
[Result "1/2-1/2"]
[WhiteCountry "FIN"]
[BlackCountry "CUB"]
[WhiteElo "2570"]
[WhiteRD "86"]
[BlackElo "2559"]
[BlackRD "82"]
[GameID "729932"]

1. d4 Nf6 2. Nc3 d5 3. Bf4 e6 4. Nb5 Na6 5. e3 Be7 6. Nf3 O-O 7. Be2 c6 8. Nc3 c5 9. Bxa6 bxa6 10. O-O Nh5
11. Be5 f6 12. Bg3 Nxg3 13. hxg3 Rb8 14. Na4 cxd4 15. exd4 Bd7 16. c3 Qa5 17. b3 Bxa4 18. bxa4 Qxc3 19. Rc1 Qb2 20. Rc2 Qb7
21. Qe2 Kf7 22. Qd3 Kg8 23. Qe2 Qd7 24. Rfc1 Rfc8 25. Qxa6 Rxc2 26. Rxc2 Kf7 27. Kh2 h6 28. Qd3 Kg8 29. Qe2 Kf7 30. Qd3 Kg8
31. a5 Bd8 32. Qc3 Qa4 33. Qc5 Qd7 34. Qc3 Rb7 35. Qe1 Rb5 36. a6 Rb8 37. Qe2 Qe8 38. Rc1 Ba5 39. a3 Bd8 40. Ne1 Bb6
41. Nd3 Bxd4 42. Rc7 f5 43. Nf4 g5 44. Nd3 Rc8=
1/2-1/2

[Event "2023 Standard Chess Dropout Tournament, Round 1"]
[Site "SchemingMind.com"]
[Date "2023.01.06"]
[Round "1"]
[White "James Reed"]
[Black "mochiron"]
[Result "1-0"]
[WhiteCountry "ENG"]
[BlackCountry "JPN"]
[WhiteElo "1409"]
[WhiteRD "98"]
[BlackElo "1352"]
[BlackRD "68"]
[GameID "729933"]

1. e4 c6 2. d4 d5 3. Bd3 dxe4 4. Bxe4 Nf6 5. Nc3 Nxe4 6. Nxe4 Bf5 7. Ng3 e6 8. h3 Bb4+ 9. c3 Ba5 10. Nxf5 O-O
11. Ne3 f5 12. Nf3 Nd7 13. O-O Nf6 14. Ng5 Ne4 15. Nxe4 fxe4 16. b4 Bc7 17. Ng4 Qd6 18. Be3 h5 19. Ne5 Rf5 20. Rb1 Rxe5
21. dxe5 Qxe5 22. g3 h4 23. Bf4 Qxc3 24. Bxc7 hxg3 25. Bxg3 e3 26. Qd6 exf2+ 27. Rxf2 Re8 28. Qd7 Qxg3+ 29. Rg2 Qe3+ 30. Kh2 Rf8
31. Qxg7#
1-0